KU Basketball All Time Stat Leaders - Statistics

General Stats
  • This quiz has been taken 5 times
  • The average score is 6 of 20
Answer Stats
Hint Answer % Correct
PPG Wilt Chamberlain
100%
RPG Wilt Chamberlain
100%
Points Danny Manning
60%
Field Goals Danny Manning
60%
Rebounds Danny Manning
60%
Fouls Danny Manning
60%
FTP Devonte Graham
40%
Assist Aaron Miles
20%
APG Aaron Miles
20%
Turnovers Aaron Miles
20%
Minutes Dajuan Harris
20%
Games Dajuan Harris
20%
Three Pointers Jeff Boschee
20%
Steals Darnell Valentine
0%
SPG Darnell Valentine
0%
Free Throws Darnell Valentine
0%
Blocks Jeff Withey
0%
BPG Jeff Withey
0%
Three Point Percentage Milt Newton
0%
FGP Udoka Azubuike
0%
No matching quizzes found
Score Distribution
Percent of People with Each Score
Percentile by Number Answered
Your Score History
You have not taken this quiz